Золотое перо. Пособие по развитию навыков письменной речи: книга для учащегося

Xehetasun bibliografikoak
Egile nagusia: Колесова Д. В.
Beste egile batzuk: Харитонов А. А.
Gaia:Учебное пособие адресовано иностранным учащимся гуманитарных специальностей. Цель пособия - систематизация и развитие навыков письменной речи (необходимых для написания деловых документов, личных писем, рефератов и изложений). Овладение предложенным материалом позволит учащимся успешно сдать ТРКИ второго сертификационного уровня. Большая часть упражнений полезна также при подготовке к прохождению третьего тестового уровня. Пособие апробировано на кафедре русского языка для иностранцев-филологов СПбГУ.
Hizkuntza:errusiera
Argitaratua: Санкт-Петербург, Златоуст, 2003
Edizioa:2-е изд., испр.
Gaiak:
Formatua: Liburua
KOHA link:https://koha.lib.tpu.ru/cgi-bin/koha/opac-detail.pl?biblionumber=81148

MARC

LEADER 00000nam0a2200000 4500
001 81148
005 20231101213143.0
010 |a 5865472070 
035 |a (RuTPU)RU\TPU\book\87244 
090 |a 81148 
100 |a 20050916d2003 m y0rusy50 ca 
101 0 |a rus 
102 |a RU 
105 |a a j 001zy 
200 1 |a Золотое перо. Пособие по развитию навыков письменной речи  |e книга для учащегося  |f Д. В. Колесова, А. А. Харитонов 
205 |a 2-е изд., испр. 
210 |a Санкт-Петербург  |c Златоуст  |d 2003 
215 |a 93 с.  |c ил. 
320 |a Библиогр.: с. 89 
330 |a Учебное пособие адресовано иностранным учащимся гуманитарных специальностей. Цель пособия - систематизация и развитие навыков письменной речи (необходимых для написания деловых документов, личных писем, рефератов и изложений). Овладение предложенным материалом позволит учащимся успешно сдать ТРКИ второго сертификационного уровня. Большая часть упражнений полезна также при подготовке к прохождению третьего тестового уровня. Пособие апробировано на кафедре русского языка для иностранцев-филологов СПбГУ. 
606 1 |a Русский язык  |x Для других народов  |x Учебные руководства и пособия  |2 stltpush  |3 (RuTPU)RU\TPU\subj\26400  |9 50340 
610 1 |a письменная речь 
610 1 |a аудирование 
610 1 |a упражнения 
610 1 |a учебные пособия 
610 1 |a сертификация 
610 1 |a тестирование 
610 1 |a русский для иностранцев 
610 1 |a русский как иностранный 
686 |a Ш141.2-96  |v LBC/SL-A  |2 rubbk 
700 1 |a Колесова  |b Д. В. 
701 1 |a Харитонов  |b А. А. 
801 1 |a RU  |b 63413507  |c 20050916  |g PSBO 
801 2 |a RU  |b 63413507  |c 20221206  |g PSBO 
942 |c BK 
959 |a 75/20050916  |d 15  |e 100  |f НФ:15